000 00550nam a2200205Ia 4500
003 OSt
005 20260209100355.0
008 210210b1957 xxu||||| |||| 00| 0 eng d
040 _cAL
041 _aKannada
082 _a852/444
100 _aRANGANATHA DIVAKARA
_dರಂಗನಾಥ ದಿವಾಕರ
_9254047
245 _aGiteya guttu
_bಗೀತೆಯ ಗುಟ್ಟು
260 _aHubbaLLi
_b-
_c1957
650 _aguTTu
_9254048
650 _aGIteya
_9254049
690 _aKannada Prose
_9254050
906 _a019010
942 _2ddc
_cBK
999 _c143061
_d143061